000 00301nam a2200121Ia 4500
005 20251222140110.0
008 251222s1900||||xx |||||||||||||| ||spa||
082 _a210.7/V78
100 _aVizmanos, Francisco de B.
245 0 _aTeología Fundamental para Seglares
264 _bCatólica
942 _cLIB
999 _c4276
_d4276